Human values and professional ethics / (Record no. 21510)
[ view plain ]
| 000 -LEADER | |
|---|---|
| fixed length control field | 00670nam a22002417a 4500 |
| 003 - CONTROL NUMBER IDENTIFIER | |
| control field | OSt |
| 008 - FIXED-LENGTH DATA ELEMENTS--GENERAL INFORMATION | |
| fixed length control field | 260228b2026 |||||||| |||| 00| 0 eng d |
| 020 ## - INTERNATIONAL STANDARD BOOK NUMBER | |
| International Standard Book Number | 9789373322421 |
| 082 ## - DEWEY DECIMAL CLASSIFICATION NUMBER | |
| Item number | TUD-H |
| Classification number | 174 |
| 100 ## - MAIN ENTRY--PERSONAL NAME | |
| Personal name | Tudu, Preshita Neha |
| 245 ## - TITLE STATEMENT | |
| Title | Human values and professional ethics / |
| Statement of responsibility, etc | Preshita Neha Tudu and Vaibhav Mishra |
| 260 ## - PUBLICATION, DISTRIBUTION, ETC. (IMPRINT) | |
| Place of publication, distribution, etc | New Delhi : |
| Name of publisher, distributor, etc | Wiley, |
| Date of publication, distribution, etc | 2026. |
| 300 ## - PHYSICAL DESCRIPTION | |
| Extent / Pages | xx, 227 p. ; |
| 650 ## - SUBJECT ADDED ENTRY--TOPICAL TERM | |
| Topical term or geographic name as entry element | Professional ehtics |
| 650 ## - SUBJECT ADDED ENTRY--TOPICAL TERM | |
| Topical term or geographic name as entry element | Business ethics |
| 650 ## - SUBJECT ADDED ENTRY--TOPICAL TERM | |
| Topical term or geographic name as entry element | Human Values |
| 650 ## - SUBJECT ADDED ENTRY--TOPICAL TERM | |
| Topical term or geographic name as entry element | Moral Philosophy |
| 650 ## - SUBJECT ADDED ENTRY--TOPICAL TERM | |
| Topical term or geographic name as entry element | Applied etihics |
| 650 ## - SUBJECT ADDED ENTRY--TOPICAL TERM | |
| Topical term or geographic name as entry element | Social responsibility |
| 650 ## - SUBJECT ADDED ENTRY--TOPICAL TERM | |
| Topical term or geographic name as entry element | Code of ethics |
| 700 ## - ADDED ENTRY--PERSONAL NAME | |
| Personal name | Mishra, Vaibhav |
| 942 ## - ADDED ENTRY ELEMENTS (KOHA) | |
| Source of classification or shelving scheme | |
| Koha item type | Books |
| Withdrawn status | Lost status | Source of classification or shelving scheme | Damaged status | Not for loan | Home library | Current library | Date acquired | Source of acquisition | Currency | Cost, normal purchase price | Full call number | Barcode | Date last seen | Copy number | Bill Date | Koha item type | Bill Number |
|---|---|---|---|---|---|---|---|---|---|---|---|---|---|---|---|---|---|
| SOBD Library | SOBD Library | 17/02/2026 | All India Book house | INR | 499.00 | 174 TUD-H1 | 008133 | 28/02/2026 | 1 | 17/02/2026 | Reference Books | NA/IN/1928 | |||||
| SOBD Library | SOBD Library | 17/02/2026 | All India Book house | INR | 499.00 | 174 TUD-H2 | 008134 | 28/02/2026 | 2 | 17/02/2026 | Books | NA/IN/1928 | |||||
| SOBD Library | SOBD Library | 17/02/2026 | All India Book house | INR | 499.00 | 174 TUD-H3 | 008135 | 28/02/2026 | 3 | 17/02/2026 | Books | NA/IN/1928 | |||||
| SOBD Library | SOBD Library | 17/02/2026 | All India Book house | INR | 499.00 | 174 TUD-H4 | 008136 | 28/02/2026 | 4 | 17/02/2026 | Books | NA/IN/1928 | |||||
| SOBD Library | SOBD Library | 17/02/2026 | All India Book house | INR | 499.00 | 174 TUD-H5 | 008137 | 28/02/2026 | 5 | 17/02/2026 | Books | NA/IN/1928 |